Development from below (Record no. 39977)

MARC details
000 -LEADER
fixed length control field 00654nam a2200169 a 4500
008 - FIXED-LENGTH DATA ELEMENTS--GENERAL INFORMATION
fixed length control field 120416s1961 ||||||||||||||||| || u
050 ## - LIBRARY OF CONGRESS CALL NUMBER
Classification number JS 4495 Hic
100 ## - MAIN ENTRY--PERSONAL NAME
Personal name Hicks, Ursula Kathleen
245 10 - TITLE STATEMENT
Title Development from below
246 ## - VARYING FORM OF TITLE
Title proper/short title local government and finance in developing countries of the Commonwealth
260 ## - PUBLICATION, DISTRIBUTION, ETC.
Place of publication, distribution, etc. Oxford
Name of publisher, distributor, etc. Clarendon
Date of publication, distribution, etc. 1961
300 ## - PHYSICAL DESCRIPTION
Extent xiii, 549p. : ill.
350 ## - PRICE (NR) (BK AM CF MU VM SE) [OBSOLETE]
Price 0.00
650 ## - SUBJECT ADDED ENTRY--TOPICAL TERM
Topical term or geographic name entry element GOVERNMENT
650 ## - SUBJECT ADDED ENTRY--TOPICAL TERM
Topical term or geographic name entry element LOCAL GOVERNMENT AND FINANCE--DEVELOPING COUNTRIES
995 ## - RECOMMENDATION 995 [LOCAL, UNIMARC FRANCE]
-- 0.00
-- CBU-MAIN LIBRARY (Kitwe)
-- 1
-- 0.00
-- 1
-- AVAILABLE
-- Annex Low-Usage Collection
Holdings
Withdrawn status Lost status Source of classification or shelving scheme Damaged status Not for loan Home library Current library Shelving location Date acquired Total Checkouts Full call number Barcode Date last seen Price effective from Koha item type
          CBU-MAIN LIBRARY, KITWE. CBU-MAIN LIBRARY, KITWE.   11/30/2022   JS 4495 Hic 008501 11/30/2022 11/30/2022 MONOGRAPH